[Event "?"]
[Site "?"]
[Date "2016.08.12"]
[Round "1.1"]
[White "Buscher, Michael"]
[Black "Freundlieb, Thomas"]
[Result "1-0"]
[WhiteElo "2401"]
[BlackElo "2047"]
[PlyCount "95"]
[EventDate "2016.??.??"]
[WhiteTeam "DJK Aufwärts Aachen"]
[BlackTeam "SG Niederkassel"]

1. e4 d6 2. d4 Nf6 3. f3 e5 4. d5 Be7 5. c4 O-O 6. Bd3 c6 7. Nc3 a5 8. Be3 Na6
9. Nge2 Nd7 10. Qd2 Ndc5 11. O-O Nxd3 12. Qxd3 f5 13. exf5 Bxf5 14. Ne4 Nb4 15.
Qd2 cxd5 16. cxd5 Rc8 17. N2c3 h6 18. a3 Na6 19. Rac1 b6 20. Ng3 Bg6 21. Nce4
Nc5 22. b4 axb4 23. axb4 Nxe4 24. Nxe4 Bxe4 25. fxe4 Rxf1+ 26. Kxf1 b5 27. h3
Bg5 28. Bxg5 hxg5 29. Ke2 Ra8 30. Rf1 Qc8 31. Rc1 Qd8 32. Rc3 Kh7 33. Kf2 Qb6+
34. Kg3 Rf8 35. Qxg5 Rf6 36. Qh5+ Rh6 37. Qf5+ Rg6+ 38. Kh2 Qd8 39. Rg3 Qf6 40.
Rxg6 Qxg6 41. Qxg6+ Kxg6 42. g4 Kh6 43. h4 Kg6 44. h5+ Kh6 45. Kh3 Kg5 46. Kg3
Kh6 47. Kh4 g5+ 48. hxg6 1-0

[Event "?"]
[Site "?"]
[Date "2016.08.12"]
[Round "1.2"]
[White "Maric, Boris"]
[Black "Stark, Lars"]
[Result "0-1"]
[WhiteElo "2047"]
[BlackElo "2379"]
[PlyCount "70"]
[EventDate "2016.??.??"]
[WhiteTeam "SV Grünfeld"]
[BlackTeam "Düsseldorfer SK"]

1. c4 Nf6 2. g3 e5 3. Bg2 h6 4. Nc3 Bb4 5. Nf3 Bxc3 6. bxc3 d6 7. O-O O-O 8. d3
Re8 9. e4 c6 10. Re1 Na6 11. Qc2 Qc7 12. d4 b6 13. Ba3 Bd7 14. Qa4 Nb8 15. Qb3
Bg4 16. Nh4 g5 17. Nf5 Bxf5 18. exf5 Nbd7 19. Re3 e4 20. Rae1 c5 21. Bxe4 Nxe4
22. Rxe4 Rxe4 23. Rxe4 Nf6 24. Re2 Rc8 25. Qd1 Kg7 26. Qd2 Qd7 27. Qd3 Re8 28.
Bc1 Rxe2 29. Qxe2 Qxf5 30. Be3 Ng4 31. f3 Qb1+ 32. Kg2 Nxe3+ 33. Qxe3 Qxa2+ 34.
Kh3 Qxc4 35. f4 Qe6+ 0-1

[Event "?"]
[Site "?"]
[Date "2016.08.12"]
[Round "1.3"]
[White "Scharfenberg, Michael"]
[Black "Weiler, Wolfgang"]
[Result "1-0"]
[WhiteElo "2196"]
[BlackElo "2047"]
[PlyCount "55"]
[EventDate "2016.??.??"]
[WhiteTeam "SK Köln-Worringen"]
[BlackTeam "Godesberger SK"]

1. e4 g6 2. d4 Bg7 3. Nc3 c5 4. Be3 Nc6 5. d5 Nd4 6. Qd2 e5 7. d6 Nf6 8. Nf3
O-O 9. Nxe5 Nxe4 10. Nxe4 Bxe5 11. c3 Nf5 12. Bg5 f6 13. Qd5+ Kg7 14. g4 Nxd6
15. Nxc5 fxg5 16. Qxe5+ Qf6 17. Qxf6+ Rxf6 18. Bg2 Rb8 19. O-O b6 20. Nd3 Ba6
21. Rfd1 Re8 22. Nb4 Be2 23. Rd4 Nf7 24. Re1 Kf8 25. Nd5 Rd6 26. h3 Re5 27. f4
gxf4 28. Nxf4 1-0

[Event "?"]
[Site "?"]
[Date "2016.08.12"]
[Round "1.4"]
[White "Bausch, Thomas"]
[Black "Bussard, Christian"]
[Result "1-0"]
[WhiteElo "2037"]
[BlackElo "2195"]
[PlyCount "31"]
[EventDate "2016.??.??"]
[WhiteTeam "Pulheimer SC"]
[BlackTeam "SG Niederkassel"]

1. e4 e5 2. Nf3 d6 3. d4 exd4 4. Nxd4 Nf6 5. Nc3 Be7 6. g3 O-O 7. Bg2 Re8 8.
O-O c6 9. h3 Bf8 10. Bf4 Nbd7 11. Nf5 Ne5 12. g4 Bxf5 13. exf5 d5 14. Re1 Nfd7
15. Nxd5 cxd5 16. Bxd5 {Ab hier sind die Notationen lückenhaft und nicht
nachvollziehbar. Schwarz gab nach 18 Zügen auf.} 1-0

[Event "?"]
[Site "?"]
[Date "2016.08.12"]
[Round "1.5"]
[White "Schmidt, Johannes"]
[Black "Müdder, Rafael"]
[Result "1/2-1/2"]
[WhiteElo "2145"]
[BlackElo "2030"]
[PlyCount "39"]
[EventDate "2016.??.??"]
[WhiteTeam "SC Illingen"]
[BlackTeam "Rheydter SV"]

1. c4 e5 2. g3 Nf6 3. Bg2 c6 4. d4 exd4 5. Qxd4 Qb6 6. Qxb6 axb6 7. Nc3 Bb4 8.
Bd2 d6 9. Nf3 Be6 10. b3 d5 11. cxd5 Bxd5 12. Nxd5 Nxd5 13. Nd4 Bxd2+ 14. Kxd2
Ne7 15. Kc3 Nd7 16. Kb2 O-O 17. Rad1 Rfd8 18. Rd2 Kf8 19. Rhd1 Ke8 20. e4
1/2-1/2

[Event "?"]
[Site "?"]
[Date "2016.08.12"]
[Round "1.6"]
[White "Stier, Artem"]
[Black "Gramb, Marius"]
[Result "0-1"]
[WhiteElo "2025"]
[BlackElo "2128"]
[PlyCount "60"]
[EventDate "2016.??.??"]
[WhiteTeam "Godesberger SK"]
[BlackTeam "Brühler SK"]

1. d4 Nf6 2. Nf3 c5 3. e3 d5 4. b3 Bg4 5. h3 Bh5 6. Be2 Nc6 7. O-O e6 8. c4 Be7
9. Bb2 dxc4 10. bxc4 O-O 11. Nbd2 Rc8 12. Re1 Na5 13. g4 Bg6 14. Ne5 cxd4 15.
Nxg6 hxg6 16. exd4 Bb4 17. Rc1 Qd6 18. Bf1 Qf4 19. Re2 Bd6 20. Bg2 Bb4 21. Re3
Bxd2 22. Qxd2 Nxc4 23. Qe2 Nxe3 24. fxe3 Rxc1+ 25. Bxc1 Qg3 26. Kh1 b6 27. Qd2
Rc8 28. Bb2 Nd5 29. Bc1 Nc3 30. a3 Ne2 0-1

[Event "?"]
[Site "?"]
[Date "2016.08.12"]
[Round "1.7"]
[White "Heinichen, Nils"]
[Black "Esser, Thomas"]
[Result "1-0"]
[WhiteElo "2113"]
[BlackElo "2009"]
[PlyCount "101"]
[EventDate "2016.??.??"]
[WhiteTeam "SV Würselen"]
[BlackTeam "PTSVAachen"]

1. d4 d5 2. c4 c6 3. Nf3 Nf6 4. e3 Bf5 5. Nc3 e6 6. h3 Nbd7 7. Be2 h6 8. O-O
Bd6 9. b3 O-O 10. Bb2 Ne4 11. Bd3 Nxc3 12. Bxc3 Bxd3 13. Qxd3 Nf6 14. Nd2 Bc7
15. e4 dxe4 16. Nxe4 Nxe4 17. Qxe4 Qd6 18. g3 f5 19. Qe1 b6 20. Rd1 Rfe8 21.
Bb4 Qd8 22. f4 Qf6 23. Qe3 Rad8 24. Bc3 Qf7 25. Rfe1 b5 26. Kh2 a6 27. a4 bxc4
28. bxc4 Rb8 29. Rb1 Bb6 30. Rb2 Kh7 31. Reb1 Bc7 32. Qf3 Rxb2+ 33. Rxb2 e5 34.
fxe5 Qxc4 35. Qxf5+ Kh8 36. Qc2 c5 37. Qb3 Qxb3 38. Rxb3 cxd4 39. Bxd4 Kg8 40.
Rc3 Bb8 41. Kg2 Rd8 42. Rc4 Re8 43. e6 Rd8 44. Bc3 Kf8 45. Rc6 Rd3 46. Bb4+ Ke8
47. Rc8+ Rd8 48. Rc6 Rd3 49. g4 Rg3+ 50. Kf2 Rb3 51. Rc8# 1-0

[Event "?"]
[Site "?"]
[Date "2016.08.12"]
[Round "1.8"]
[White "Paulus, Jeffrey"]
[Black "Baltic, Fatih"]
[Result "1/2-1/2"]
[WhiteElo "2004"]
[BlackElo "2103"]
[PlyCount "57"]
[EventDate "2016.??.??"]
[WhiteTeam "SG Porz"]
[BlackTeam "SG Bochum"]

1. d4 Nf6 2. c4 e6 3. Nf3 Bb4+ 4. Nbd2 O-O 5. g3 b6 6. Bg2 Bb7 7. O-O Bxd2 8.
Bxd2 d6 9. b4 Nbd7 10. Rc1 c5 11. Bf4 Ne4 12. dxc5 dxc5 13. Ng5 Ndf6 14. Be5
Qc8 15. Nxe4 Nxe4 16. Qc2 Ng5 17. h4 Bxg2 18. Kxg2 Qc6+ 19. f3 f6 20. b5 Qb7
21. hxg5 fxe5 22. Rh1 g6 23. Rh4 Rad8 24. Rch1 Rd7 25. Qc3 Rf5 26. Qe3 Qc7 27.
Re4 Rd4 28. Rhh4 Kg7 29. a3 1/2-1/2

[Event "?"]
[Site "?"]
[Date "2016.08.12"]
[Round "1.9"]
[White "Lindam, Ingo"]
[Black "Lambertz, Michael"]
[Result "1-0"]
[WhiteElo "2078"]
[BlackElo "2002"]
[PlyCount "45"]
[EventDate "2016.??.??"]
[WhiteTeam "Kölner SK Dr. Lasker"]
[BlackTeam "SF Esch"]

1. d4 Nf6 2. Nf3 d5 3. c4 e6 4. g3 c5 5. Bg2 Nc6 6. cxd5 Nxd5 7. O-O Qb6 8. e4
Nf6 9. d5 Nb4 10. Nc3 Bd7 11. a3 Na6 12. Ne5 Be7 13. Nc4 Qd8 14. d6 Bf8 15. e5
b5 16. Ne3 Ng8 17. f4 Rb8 18. f5 b4 19. fxe6 fxe6 20. axb4 Nxb4 21. Nc4 a6 22.
Qf3 Nh6 23. Bxh6 1-0

[Event "?"]
[Site "?"]
[Date "2016.08.12"]
[Round "1.10"]
[White "Speck, Stefan"]
[Black "Gülsen, Taylan"]
[Result "1/2-1/2"]
[WhiteElo "2002"]
[BlackElo "2063"]
[PlyCount "52"]
[EventDate "2016.??.??"]
[WhiteTeam "SC Solingen 28"]
[BlackTeam "SG Niederkassel"]

1. e4 d6 2. d4 Nf6 3. Nc3 Nbd7 4. f4 e5 5. Nf3 exd4 6. Nxd4 Be7 7. Nf5 O-O 8.
Be3 Re8 9. Be2 Bf8 10. Ng3 c6 11. Qd2 b5 12. Bf3 b4 13. Nd1 a5 14. O-O Ba6 15.
Re1 Nb6 16. b3 d5 17. Nf2 c5 18. e5 d4 19. Bxd4 Nfd5 20. Bb2 c4 21. Bd4 c3 22.
Qd1 Rc8 23. Bg4 Rc6 24. Bf3 Rc8 25. Bg4 Rc6 26. Bf3 Rc8 1/2-1/2

[Event "?"]
[Site "?"]
[Date "2016.08.12"]
[Round "1.11"]
[White "Spiesberger, Gerhard"]
[Black "Suvorov, Luca"]
[Result "1/2-1/2"]
[WhiteElo "2063"]
[BlackElo "1997"]
[PlyCount "62"]
[EventDate "2016.??.??"]
[WhiteTeam "SC Rottal-Inn"]
[BlackTeam "SG Porz"]

1. e4 c6 2. d4 d5 3. Nc3 dxe4 4. Nxe4 Bf5 5. Ng3 Bg6 6. Nf3 Nd7 7. Bd3 e6 8.
O-O Ngf6 9. Re1 Be7 10. a3 O-O 11. Bxg6 hxg6 12. Bg5 Qb6 13. b3 Rad8 14. c4
Rfe8 15. Qc2 a5 16. Ne4 c5 17. Bxf6 Nxf6 18. dxc5 Bxc5 19. Nxc5 Qxc5 20. Re5
Qc7 21. Rc1 Rd6 22. h3 Red8 23. b4 axb4 24. axb4 Rd3 25. Re3 Rxe3 26. fxe3 Qb6
27. Qc3 Ne4 28. Qa3 Nd2 29. Nxd2 Rxd2 30. Qc3 Re2 31. Re1 Ra2 1/2-1/2

[Event "?"]
[Site "?"]
[Date "2016.08.12"]
[Round "1.12"]
[White "Kemmler, Michael"]
[Black "Suvorov, Alexander"]
[Result "0-1"]
[WhiteElo "1966"]
[BlackElo "2059"]
[PlyCount "90"]
[EventDate "2016.??.??"]
[WhiteTeam "vereinslos"]
[BlackTeam "SG Porz"]

1. e4 c6 2. d4 d5 3. Nc3 dxe4 4. Nxe4 Bf5 5. Ng3 Bg6 6. Nf3 Nd7 7. Bd3 e6 8.
O-O Ngf6 9. c4 Be7 10. Qb3 Qb6 11. Bc2 Qxb3 12. Bxb3 a5 13. a3 a4 14. Ba2 O-O
15. Re1 Rfe8 16. Bd2 c5 17. Bc3 cxd4 18. Bxd4 Nc5 19. Ne5 Red8 20. Nxg6 hxg6
21. Rad1 Nfd7 22. Bb1 Bf6 23. Ne4 Bxd4 24. Rxd4 Nxe4 25. Rdxe4 Nc5 26. R4e2 Rd4
27. Ba2 Rad8 28. f3 b6 29. Rb1 Rd1+ 30. Re1 Rxe1+ 31. Rxe1 Rd2 32. Kf1 Rxb2 33.
Re2 Rxe2 34. Kxe2 Kf8 35. Kd2 Ke7 36. Kc3 Kd6 37. Kb4 Kc6 38. Bb1 g5 39. Bc2 f5
40. Bxa4+ Nxa4 41. Kxa4 Kc5 42. Kb3 e5 43. Kc3 e4 44. fxe4 fxe4 45. g3 g4 0-1

[Event "?"]
[Site "?"]
[Date "2016.08.12"]
[Round "1.13"]
[White "Arlt, Klaus"]
[Black "Schwark, Mario"]
[Result "1/2-1/2"]
[WhiteElo "2054"]
[BlackElo "1958"]
[PlyCount "154"]
[EventDate "2016.??.??"]
[WhiteTeam "Ford SF Köln"]
[BlackTeam "SG Kalker/Deutzer"]

1. c4 c5 2. Nf3 Nf6 3. Nc3 Nc6 4. g3 e5 5. d3 d6 6. Bg2 h6 7. a3 Be6 8. Rb1 Qd7
9. h3 Rd8 10. e4 Nd4 11. Nxd4 exd4 12. Ne2 b5 13. b3 Be7 14. f4 g6 15. e5 Nh5
16. exd6 Bxd6 17. g4 Ng7 18. Ng3 f5 19. O-O O-O 20. gxf5 gxf5 21. Bd2 Rf6 22.
Kh2 Kh7 23. Qf3 Rg6 24. Qb7 Rb8 25. Qxd7 Bxd7 26. Bd5 h5 27. Bf7 Rh6 28. h4 Rf8
29. Bd5 Rg6 30. Bf3 Kh6 31. Rg1 Be7 32. Kh3 Ra6 33. Bc1 Rff6 34. Re1 Rfe6 35.
Rxe6+ Rxe6 36. Bd2 Rg6 37. b4 bxc4 38. dxc4 Bc6 39. Bxc6 Rxc6 40. Re1 Bd6 41.
b5 Rc8 42. a4 Kg6 43. a5 Re8 44. Rxe8 Nxe8 45. Ne2 Bb8 46. Nc1 Nd6 47. Nb3 Nxc4
48. Bc1 Bd6 49. Kg3 Kf6 50. Kf3 Ke6 51. Ke2 Kd5 52. Kd3 Bc7 53. b6 axb6 54. a6
Bb8 55. Bd2 Nd6 56. Nc1 c4+ 57. Kc2 d3+ 58. Kd1 Ne4 59. Na2 Nxd2 60. Kxd2 Bxf4+
61. Kc3 Bb8 62. Kb4 Ba7 63. Nc3+ Ke6 64. Kxc4 d2 65. Kd3 d1=Q+ 66. Nxd1 b5 67.
Nc3 b4 68. Nb5 Bb6 69. a7 Bxa7 70. Nxa7 Kd5 71. Nb5 f4 72. Nd4 Ke5 73. Nc6+ Kf5
74. Nxb4 Kg4 75. Ke4 f3 76. Nd3 Kxh4 77. Kxf3 Kg5 1/2-1/2

[Event "?"]
[Site "?"]
[Date "2016.08.12"]
[Round "1.14"]
[White "Frühauf, Norbert"]
[Black "Evers, Leo"]
[Result "0-1"]
[WhiteElo "1935"]
[BlackElo "2054"]
[PlyCount "114"]
[EventDate "2016.??.??"]
[WhiteTeam "SC Rottal-Inn"]
[BlackTeam "SG Porz"]

1. e4 c5 2. Nc3 Nc6 3. g3 g6 4. Bg2 Bg7 5. Nge2 Rb8 6. d3 b5 7. O-O e6 8. Be3
d6 9. Qd2 Nd4 10. f4 Ne7 11. Nd1 O-O 12. c3 Nxe2+ 13. Qxe2 Re8 14. Bf2 Qc7 15.
Ne3 Bb7 16. g4 f5 17. Bh4 b4 18. Qd2 bxc3 19. bxc3 Qa5 20. Rac1 Bd4 21. Rf2
Bxe3 22. Qxe3 fxg4 23. f5 exf5 24. Qh6 Qc7 25. Bf6 Nc8 26. exf5 Qf7 27. fxg6
Qxg6 28. Qxg6+ hxg6 29. d4 Nb6 30. Bf1 Bd5 31. Bd3 Be4 32. Bb5 Re6 33. Bg5 Rf8
34. Rcf1 Rxf2 35. Rxf2 Bf5 36. Re2 Rxe2 37. Bxe2 Kg7 38. Kf2 Nd5 39. Bd2 Nf6
40. Ke3 Nd5+ 41. Kf2 Nf6 42. Ke3 g5 43. Bc4 Kg6 44. Be1 d5 45. Ba6 c4 46. Bb5
Be6 47. Bc6 Kf5 48. Bg3 Ne4 49. Be1 g3 50. hxg3 Kg4 51. Ba4 Nxg3 52. Bd1+ Kh3
53. Kf2 g4 54. Kg1 Bf5 55. Ba4 Ne2+ 56. Kf2 Nf4 57. Bd1 Nd3+ 0-1

[Event "?"]
[Site "?"]
[Date "2016.08.12"]
[Round "1.15"]
[White "Kiehn, Andreas"]
[Black "Schmidt, Bodo"]
[Result "1/2-1/2"]
[WhiteElo "1926"]
[BlackElo "1811"]
[PlyCount "85"]
[EventDate "2016.??.??"]
[WhiteTeam "Pulheimer SC"]
[BlackTeam "SK Köln-Worringen"]

1. d4 Nf6 2. c4 d5 3. cxd5 Nxd5 4. Nf3 e6 5. g3 Bb4+ 6. Bd2 Bxd2+ 7. Qxd2 b6 8.
Bg2 Bb7 9. O-O O-O 10. Re1 Nd7 11. e4 Ne7 12. Nc3 Nf6 13. Rac1 Rc8 14. Ng5 c5
15. e5 Bxg2 16. exf6 gxf6 17. Kxg2 fxg5 18. Qxg5+ Ng6 19. Qxd8 Rfxd8 20. dxc5
Rxc5 21. Rcd1 Rxd1 22. Rxd1 Rc7 23. f4 Kg7 24. Kf3 h5 25. Rd2 e5 26. Nb5 Rc5
27. Nxa7 exf4 28. gxf4 Ra5 29. Nc8 Rxa2 30. Nxb6 Ra5 31. b4 Rb5 32. Nd5 Nh4+
33. Ke4 f5+ 34. Kd4 Nf3+ 35. Kc4 Rxb4+ 36. Kxb4 Nxd2 37. Ne3 Kf6 38. Kc5 Nf3
39. Kd6 Nxh2 40. Nd5+ Kf7 41. Ke5 h4 42. Kxf5 h3 43. Ne3 1/2-1/2

[Event "?"]
[Site "?"]
[Date "2016.08.12"]
[Round "1.16"]
[White "Liebsch, Felix"]
[Black "Hansel, Rainer"]
[Result "1/2-1/2"]
[WhiteElo "1808"]
[BlackElo "1919"]
[PlyCount "63"]
[EventDate "2016.??.??"]
[WhiteTeam "SC Bayer Leverkusen"]
[BlackTeam "SF Köln-Longerich"]

1. e4 e5 2. Nf3 Nc6 3. Bb5 a6 4. Ba4 Nf6 5. O-O Be7 6. Re1 b5 7. Bb3 O-O 8. c3
d5 9. d4 exd4 10. e5 Ne4 11. cxd4 Bg4 12. Be3 Qd7 13. Nc3 Nxc3 14. bxc3 Na5 15.
Bc2 Nc4 16. Bf4 Bf5 17. Nd2 Na3 18. Bb3 a5 19. Qf3 Nc2 20. Bxc2 Bxc2 21. Qg3
Ba3 22. Re3 Rfe8 23. Rae1 Re6 24. Qh3 Rd8 25. Bg5 Be7 26. Bxe7 Qxe7 27. f4 Rh6
28. Qg4 Rg6 29. Qh3 Qd7 30. e6 fxe6 31. Rxe6 Rxe6 32. Qxe6+ 1/2-1/2

[Event "?"]
[Site "?"]
[Date "2016.08.12"]
[Round "1.17"]
[White "Whitmire, James David"]
[Black "Seidel, Florian"]
[Result "1-0"]
[WhiteElo "1915"]
[BlackElo "1803"]
[PlyCount "91"]
[EventDate "2016.??.??"]
[WhiteTeam "PTSVAachen"]
[BlackTeam "SK Köln-Worringen"]

1. d4 f5 2. Bf4 Nf6 3. e3 e6 4. Nf3 b6 5. Be2 Bb7 6. c4 Ne4 7. Nc3 Bb4 8. Rc1
O-O 9. O-O Bxc3 10. bxc3 d6 11. Bd3 Nd7 12. Bxe4 Bxe4 13. Ng5 Qe8 14. Nxe4 fxe4
15. Qc2 Nf6 16. Bg5 Qc6 17. Qb3 e5 18. Qb5 Qe8 19. Bxf6 Rxf6 20. Qd5+ Re6 21.
dxe5 c6 22. Qxe4 Rxe5 23. Qf4 Rd8 24. Rcd1 Qf8 25. Qxf8+ Kxf8 26. Rd4 Ke7 27.
Rfd1 Ke6 28. Kf1 Ra5 29. R1d2 a6 30. Ke2 b5 31. Re4+ Kf6 32. Rf4+ Ke6 33. Rh4
h6 34. Rg4 Kf6 35. Rgd4 Ke6 36. f4 bxc4 37. Re4+ Kf5 38. Rxc4 c5 39. a4 d5 40.
e4+ Kxf4 41. exd5+ Ke5 42. Ke3 Rxd5 43. Re4+ Kd6 44. Rb2 Re5 45. Rb6+ Kd5 46.
c4# 1-0

[Event "?"]
[Site "?"]
[Date "2016.08.12"]
[Round "1.18"]
[White "Mandt, Joachim"]
[Black "Lobe, Sandra"]
[Result "1/2-1/2"]
[WhiteElo "1790"]
[BlackElo "1912"]
[PlyCount "102"]
[EventDate "2016.??.??"]
[WhiteTeam "SF Stadtverwaltung Bonn"]
[BlackTeam "SK Kerpen"]

1. e4 d6 2. d4 Nf6 3. Nc3 g6 4. Nf3 Bg7 5. Be3 O-O 6. Qd2 e5 7. Bc4 exd4 8.
Nxd4 Qe7 9. f3 Nbd7 10. O-O-O Nc5 11. h4 Re8 12. Bg5 Ne6 13. Nd5 Qd8 14. Ne2
Nxg5 15. hxg5 Nxd5 16. Bxd5 Be6 17. Qf4 Bxd5 18. Rxd5 Re5 19. Rxe5 Bxe5 20. Qh4
h5 21. f4 Bg7 22. f5 f6 23. fxg6 fxg5 24. Qxh5 Qf6 25. Nc3 Re8 26. Qg4 Qxg6 27.
Qf5 Qxf5 28. exf5 Bxc3 29. bxc3 Re3 30. Rh6 Rg3 31. Rg6+ Kf7 32. Kd2 Rxg2+ 33.
Kd3 Rf2 34. Rxg5 Kf6 35. Rg6+ Kf7 36. Rg5 Rf4 37. c4 Kf6 38. Rg6+ Kf7 39. Rg5
c6 40. Rh5 Kg7 41. Rg5+ Kf6 42. Rg6+ Kxf5 43. Rxd6 Rf3+ 44. Kd2 Ra3 45. Rd7 b6
46. c5 Rxa2 47. cxb6 axb6 48. Rd6 Ke5 49. Rxc6 Rb2 50. Kc3 Rb1 51. Rc4 Kd5
1/2-1/2

[Event "?"]
[Site "?"]
[Date "2016.08.12"]
[Round "1.19"]
[White "Berkle, Pascal"]
[Black "Stuch, Hans-Ferdinand"]
[Result "1-0"]
[WhiteElo "1908"]
[BlackElo "1773"]
[PlyCount "73"]
[EventDate "2016.??.??"]
[WhiteTeam "SV Erftstadt"]
[BlackTeam "SC Bonn Beuel"]

1. d4 d6 2. c4 Nd7 3. Nc3 e5 4. Nf3 Ngf6 5. e4 g6 6. Be2 Bg7 7. O-O O-O 8. dxe5
dxe5 9. Qc2 c6 10. Rd1 Qc7 11. b4 Re8 12. b5 Nf8 13. Ba3 c5 14. Nd5 Nxd5 15.
cxd5 b6 16. Bc4 Qd6 17. Be2 Bg4 18. Ne1 Bd7 19. Qb3 h5 20. Nd3 a6 21. bxa6 Rxa6
22. Nxc5 bxc5 23. Bxa6 Qxa6 24. Bxc5 Rc8 25. Qe3 Bh6 26. Qa3 Qc4 27. Rac1 Qxe4
28. Qa7 Qf4 29. Rb1 Bf5 30. Rb4 e4 31. Be3 Qd6 32. Rb6 Qe5 33. Rb7 Qd6 34. Rxf7
Nd7 35. Bd4 Nf6 36. Rg7+ Kh8 37. Rh7+ 1-0

[Event "?"]
[Site "?"]
[Date "2016.08.12"]
[Round "1.20"]
[White "Engel, Johann"]
[Black "Rokitta, Uwe"]
[Result "1-0"]
[WhiteElo "1771"]
[BlackElo "1908"]
[PlyCount "131"]
[EventDate "2016.??.??"]
[WhiteTeam "Brühler SK"]
[BlackTeam "SF Lohmar"]

1. d4 Nf6 2. Nf3 c5 3. d5 g6 4. c4 b5 5. cxb5 a6 6. Nc3 axb5 7. Nxb5 Qa5+ 8.
Nc3 Ba6 9. e3 Bxf1 10. Kxf1 d6 11. g3 Bg7 12. Kg2 O-O 13. Nd2 Nbd7 14. Nc4 Qa6
15. Qe2 Rfb8 16. Rb1 Rb4 17. b3 Rab8 18. Bd2 R4b7 19. e4 Ne8 20. Rhc1 Qa8 21.
Na4 Nc7 22. Bc3 Bxc3 23. Nxc3 Nb5 24. Nxb5 Rxb5 25. Rc3 Qa6 26. Rb2 Qb7 27. h4
Nf6 28. f3 h5 29. Rbc2 Kg7 30. Nb2 Ra8 31. Na4 Qd7 32. Rc4 Rb7 33. Nc3 Qc8 34.
Ra4 Rxa4 35. Nxa4 Ra7 36. Qb5 Qa6 37. Qxa6 Rxa6 38. Rc4 Nd7 39. Kf2 Kf6 40. Ke3
e6 41. Rc2 exd5 42. exd5 Ra8 43. Nc3 Re8+ 44. Ne4+ Ke7 45. f4 Nb6 46. Nc3 Kd7+
47. Kf2 Nc8 48. Re2 Rf8 49. Ne4 f5 50. Nc3 Rf6 51. Ke3 Rf7 52. Kd3 Re7 53.
Rxe7+ Nxe7 54. Kc4 Kc7 55. Kb5 Kb7 56. a4 Nc8 57. a5 Na7+ 58. Ka4 Ka6 59. b4
cxb4 60. Kxb4 Kb7 61. Nb5 Nc8 62. Nd4 Ne7 63. Kc4 Nc8 64. Nc6 Kc7 65. Nb4 Kb7
66. Kb5 1-0

[Event "?"]
[Site "?"]
[Date "2016.08.12"]
[Round "1.21"]
[White "Spindler, Florian"]
[Black "Meyer, Stefan"]
[Result "0-1"]
[WhiteElo "1906"]
[BlackElo "1771"]
[PlyCount "140"]
[EventDate "2016.??.??"]
[WhiteTeam "SG Porz"]
[BlackTeam "SV Grevenbroich"]

1. d4 Nf6 2. c4 Nc6 3. Nf3 e6 4. Nc3 Bb4 5. Qc2 O-O 6. Bg5 d6 7. e3 e5 8. d5
Nb8 9. Bd3 h6 10. Bh4 Qe7 11. Bxf6 Qxf6 12. O-O Qe7 13. a3 Bxc3 14. Qxc3 e4 15.
Bxe4 Qxe4 16. Nd4 a6 17. f3 Qe7 18. f4 c5 19. Ne2 Re8 20. Rf3 Nd7 21. Rg3 Qf6
22. Qc2 Nf8 23. e4 Ng6 24. f5 Nf8 25. Kh1 Qe5 26. Rf1 Qxe4 27. Qc3 Qe5 28. f6
Qxc3 29. Rxg7+ Kh8 30. Nxc3 Ng6 31. Rxf7 Bf5 32. h3 Bd3 33. Rf2 b5 34. cxb5
axb5 35. Rb7 Rab8 36. Rd7 b4 37. Na4 Bb5 38. Rg7 Rg8 39. Ra7 Ra8 40. Rxa8 Rxa8
41. Nb6 Rb8 42. a4 Rxb6 43. axb5 Rxb5 44. h4 Kg8 45. f7+ Kf8 46. Rf6 Ne5 47.
Rxd6 Nxf7 48. Rc6 h5 49. Re6 c4 50. Re4 Nd6 51. Rd4 c3 52. Rf4+ Ke7 53. Rf2
Rxd5 54. bxc3 bxc3 55. Rc2 Nb5 56. Kh2 Rd2 57. Rc1 c2 58. Kg3 Nd4 59. Kh3 Rd1
60. Rxc2 Nxc2 61. Kg3 Kf6 62. Kf3 Rd3+ 63. Ke2 Rd4 64. g3 Kf5 65. Kf3 Rd3+ 66.
Kg2 Kg4 67. Kh2 Rd2+ 68. Kg1 Ne3 69. Kh1 Kxg3 70. Kg1 Rd1# 0-1

[Event "?"]
[Site "?"]
[Date "2016.08.12"]
[Round "1.22"]
[White "Asadzade, Idris"]
[Black "Sewald, Kathrin"]
[Result "1/2-1/2"]
[WhiteElo "1760"]
[BlackElo "1858"]
[PlyCount "84"]
[EventDate "2016.??.??"]
[WhiteTeam "Königsspringer Leverkusen"]
[BlackTeam "SG Porz"]

1. Nf3 f5 2. c4 Nf6 3. g3 d6 4. d4 e6 5. Bg2 g6 6. O-O Bg7 7. Nc3 O-O 8. Qc2
Re8 9. Rd1 Qe7 10. e4 e5 11. dxe5 dxe5 12. Nd5 Nxd5 13. exd5 Na6 14. Be3 e4 15.
Nd4 Nb4 16. Qb3 Nd3 17. Bf1 Ne5 18. Rac1 Ng4 19. c5 Kh8 20. d6 Qd7 21. Nb5 c6
22. Nc7 Ne5 23. Nxa8 Nf3+ 24. Kh1 g5 25. Bh3 g4 26. Bg2 f4 27. Bxf4 Qf5 28.
Bxf3 gxf3 29. Qc4 Be6 30. Qf1 Rxa8 31. Rd2 Rd8 32. Rcd1 Rd7 33. b4 Bc3 34. Rc2
Bxb4 35. Be3 Qh5 36. h4 Ba5 37. Bg5 h6 38. Be7 Qf5 39. Rdc1 Kg8 40. Rb2 Kf7 41.
Kh2 Qe5 42. Rbc2 Bb4 1/2-1/2

[Event "?"]
[Site "?"]
[Date "2016.08.12"]
[Round "1.23"]
[White "Hoffmann, Philipp"]
[Black "Runte, Dirk"]
[Result "1/2-1/2"]
[WhiteElo "1845"]
[BlackElo "1758"]
[PlyCount "68"]
[EventDate "2016.??.??"]
[WhiteTeam "Oberbilker SV"]
[BlackTeam "Fideler Bauer Leverkusen"]

1. e4 c5 2. d4 cxd4 3. c3 Nf6 4. e5 Nd5 5. Nf3 e6 6. cxd4 Nc6 7. Bc4 Bb4+ 8.
Bd2 Nb6 9. Bb3 d6 10. a3 Bxd2+ 11. Nbxd2 dxe5 12. dxe5 Qd3 13. Rc1 Nd4 14. Ba4+
Bd7 15. Bxd7+ Kxd7 16. Nxd4 Qxd4 17. Nc4 Qxd1+ 18. Rxd1+ Nd5 19. Ne3 Rac8 20.
O-O Rc5 21. b4 Rb5 22. Nc4 Ke7 23. Rd2 Nb6 24. Nd6 Rxe5 25. Nxb7 Nc4 26. Rd3
Rb8 27. Nc5 Rd5 28. Rfd1 Nxa3 29. Rxd5 exd5 30. g3 Rxb4 31. Rxd5 a5 32. Rd7+
Kf6 33. Rd6+ Ke7 34. Rd7+ Kf6 1/2-1/2

[Event "?"]
[Site "?"]
[Date "2016.08.12"]
[Round "1.24"]
[White "Renner, Michael"]
[Black "Bießner, Eberhard"]
[Result "0-1"]
[WhiteElo "1733"]
[BlackElo "1843"]
[PlyCount "70"]
[EventDate "2016.??.??"]
[WhiteTeam "Fideler Bauer Leverkusen"]
[BlackTeam "Rheydter SV"]

1. Nf3 Nf6 2. c4 c6 3. g3 d5 4. b3 Bg4 5. Bg2 Nbd7 6. Bb2 Bxf3 7. Bxf3 e5 8.
O-O Bd6 9. d3 O-O 10. Nc3 d4 11. Ne4 Nxe4 12. Bxe4 f5 13. Bg2 Rb8 14. e3 c5 15.
a4 Nf6 16. Qd2 Qe7 17. Rae1 Rfe8 18. Bc1 h6 19. Qb2 Qe6 20. Bh3 g6 21. e4 Ng4
22. exf5 gxf5 23. Bg2 Kg7 24. Qe2 Qg6 25. h3 Nf6 26. Qd2 e4 27. Kh1 e3 28. fxe3
Qxg3 29. Bd5 Qxh3+ 30. Kg1 Nxd5 31. cxd5 Kh7 32. Re2 dxe3 33. Qc2 Rg8+ 34. Rg2
Rxg2+ 35. Qxg2 Rg8 0-1

[Event "?"]
[Site "?"]
[Date "2016.08.12"]
[Round "1.25"]
[White "Hertling, Jürgen"]
[Black "Karwatzki, Hans-Jürgen"]
[Result "1-0"]
[WhiteElo "1842"]
[BlackElo "1664"]
[PlyCount "87"]
[EventDate "2016.??.??"]
[WhiteTeam "SF Köln-Mülheim"]
[BlackTeam "SF Stadtverwaltung Bonn"]

1. d4 Nf6 2. c4 e5 3. dxe5 Ng4 4. Nf3 Nc6 5. Bf4 Bc5 6. e3 f6 7. h3 Ngxe5 8. a3
a5 9. Nc3 d6 10. Be2 Be6 11. Nd5 Nxf3+ 12. Bxf3 Ne5 13. Bh5+ g6 14. Be2 c6 15.
Bxe5 fxe5 16. Nc3 O-O 17. Ne4 Qh4 18. Bf3 Bxc4 19. g3 Qe7 20. Nxc5 dxc5 21. Be2
Qf7 22. O-O Rad8 23. Qc2 Bxe2 24. Qxe2 e4 25. Rad1 Qb3 26. Rd2 Rxd2 27. Qxd2
Qd3 28. Qxa5 b5 29. a4 Rd8 30. Qb6 Qd6 31. axb5 cxb5 32. Qxb5 Qd5 33. Rc1 Rc8
34. b4 Qd2 35. Qc4+ Kg7 36. bxc5 Kh6 37. c6 Rc7 38. Qc5 Rf7 39. Rc2 Qd1+ 40.
Kg2 Rf5 41. Qc4 Qf3+ 42. Kh2 Rh5 43. Qe6 Rb5 44. Qd6 1-0

[Event "?"]
[Site "?"]
[Date "2016.08.12"]
[Round "1.26"]
[White "Langner, Jasper"]
[Black "Krohn, Malte Till"]
[Result "1-0"]
[WhiteElo "1657"]
[BlackElo "1831"]
[PlyCount "59"]
[EventDate "2016.??.??"]
[WhiteTeam "Klub Kölner SF"]
[BlackTeam "PTSVAachen"]

1. d4 d5 2. Nf3 Nf6 3. Bf4 Bf5 4. e3 e6 5. Nbd2 c5 6. h3 cxd4 7. Nxd4 Bg6 8.
Be2 Nc6 9. Nxc6 bxc6 10. Nf3 Nd7 11. O-O Be7 12. c4 O-O 13. Qd2 Qb6 14. Ne5
Nxe5 15. Bxe5 f6 16. Bc3 Bf7 17. cxd5 cxd5 18. Ba5 Qb7 19. Rfc1 Rfc8 20. Rxc8+
Rxc8 21. Rc1 e5 22. Rxc8+ Qxc8 23. Qc3 Qf8 24. b4 d4 25. exd4 Bxa2 26. Bc4+
Bxc4 27. Qxc4+ Qf7 28. d5 Bd6 29. Qc8+ Bf8 30. d6 1-0

[Event "?"]
[Site "?"]
[Date "2016.08.12"]
[Round "1.27"]
[White "Hajek, Florian"]
[Black "Rudolph, Eva"]
[Result "1/2-1/2"]
[WhiteElo "1815"]
[BlackElo "1566"]
[PlyCount "36"]
[EventDate "2016.??.??"]
[WhiteTeam "Pulheimer SC"]
[BlackTeam "Düsseldorfer SK"]

1. e4 e5 2. Nf3 Nf6 3. Nc3 Bb4 4. d3 d6 5. Be2 Bxc3+ 6. bxc3 h6 7. h3 Be6 8. c4
c6 9. Be3 Nbd7 10. Rb1 b6 11. Nh2 d5 12. exd5 cxd5 13. Bf3 Rc8 14. cxd5 Bxd5
15. c4 Bxf3 16. Nxf3 O-O 17. O-O Re8 18. Qa4 Qc7 1/2-1/2